000 00460nam a2200193Ia 4500
005 20240823035026.0
008 240823s9999||||xx |||||||||||||| ||und||
020 _a978-81-288-2578-7
041 _aENGLISH
082 _A158.1 Q0
100 _aPraveen Shukla
245 0 _aGandhi and Management
250 _a1st
260 _c2010
_b"Diamond Books,New "
_aNew Delhi
500 _aYES
650 _aManagement
_bGeneral
942 _cBK
999 _c199703
_d199703